LEADER 01448nam a2200253 i 4500 001 000000050476 003 CaOOAMICUS 005 20130115000000.0 008 130115s1715 xx u000 u lat u 013 $a21647 026 $aamro s.n- n-a, sumu (3) 1715 (R) 040 $aSeMil$bita 245 10$aVeritas in medio; seu D. Thomas doctor angelicus propositiones omnes circa Theoriam, & Praxim, Rigorem ... Predamnans. Inserta est vita Baij, Jansenii, aliaque gesta historica; accessit Responsio brevis ad patrem Quesnel. Auctore F. Francisco Van Ran. 260 $aAntverpiae :$bTypis Joannis Pauli Robyns,$c1715. 300 $a[8], 292, [10] p. ;$c12°. 500 $aSegn. : *4 A-T8. 650 4$aTeologia morale.$0(OLS)http://semarc/subject/91 650 4$aVerità.$0(OLS)http://semarc/subject/2559 700 1 $aRobyns, Jean-Paul .$0(OLS)http://semarc/name/25015 700 1 $aRanst, Frans : van.$0(OLS)http://semarc/name/23828 850 $aSeMil 852 $aSeMil$W1$xVenegono$y1$m2F I 7 FA$j16631$B16631$CSeMilBibl$Z2$F16631 $8I 996 $6245$aVeritas in medio; seu D. Thomas doctor angelicus propositiones omnes circa Theoriam, & Praxim, Rigorem ... Predamnans. Inserta est vita Baij, Jansenii, aliaque gesta historica; accessit Responsio brevis ad patrem Quesnel. Auctore F. Francisco Van Ran$9(OLS)http://semarc/title/77058 996 $6260$aAntverpiae :$bTypis Joannis Pauli Robyns$9(OLS)http://semarc/publisher/41251 LEADER 01012nam a2200265 i 4500 001 000000121616 003 CaOOAMICUS 005 20031230000000.0 008 031230s1985 it u000 u ita u 013 $a94311 020 $a88-18-012013-1 040 $aSeMil$bita 100 1 $aDe Rienzo, Giorgio <1942->.$0(OLS)http://semarc/name/5619 245 10$aPer amore di Lucia /$cGiorgio De Rienzo. 260 $aMilano :$bRusconi,$c1985. 300 $a199 p. ;$c21 cm. 500 $aContiene : Appendice. - Fondo Card. C.M. Martini. 650 4$aManzoni, Alessandro <1785-1873> . Promessi sposi.$0(OLS)http://semarc/subject/15533 850 $aSeMil 852 $aSeMil$W1$xVenegono$y1$m1C VI 81$j76682$B76682$CSeMilBibl$Z2$F78504 $81 941 1 $a4 961 $aOmaggio: Martini Card. Carlo Maria 996 $6020$a88-18-012013-1$9(OLS)http://semarc/number/107143 996 $6245$aPer amore di Lucia$9(OLS)http://semarc/title/179068 996 $6260$aMilano :$bRusconi$9(OLS)http://semarc/publisher/30258